Geo #9: 22 Asia - Statistics

General Stats
  • This quiz has been taken 2,012 times
    1,033 since last reset
  • The average score is 17 of 22
Answers on the Map
Answers color-coded by a green-red scale on the quiz's map according to % correct below.
 
Answer Stats
Answer % Correct
China
93%
North Korea
88%
Oman
85%
Bangladesh
83%
Laos
83%
Malaysia
83%
South Korea
83%
Yemen
83%
Jordan
80%
Palestine
78%
Afghanistan
76%
Cambodia
76%
Indonesia
76%
Sri Lanka
76%
Taiwan
76%
Azerbaijan
71%
Israel
71%
Kyrgyzstan
71%
Pakistan
71%
Kuwait
68%
Turkmenistan
68%
Uzbekistan
61%
No matching quizzes found
Score Distribution
Percent of People with Each Score
Percentile by Number Answered
Your Score History
You have not taken this quiz since the last reset